000 00301nam a22001337a 4500
008 181101b xxu||||| |||| 00| 0 eng d
020 _a9780822335689
041 _aeng
080 _22nd
_a610
100 _a4
101 _aSHM
245 _aThe Social Medicine Reader
_cKing,N,M.P
942 _2udc
_cBK
999 _c51415
_d51415